| 000 | 00450nam a22001097a 4500 | ||
|---|---|---|---|
| 008 | 230606b xxu||||| |||| 00| 0 eng d | ||
| 082 |
_a353.463 _bWAK |
||
| 245 |
_areport of the Commission of Inquiry into Post Election violence (CIPEV) _bChairman; The Hon. Mr.justice philip N.waki, J.A _cpresented to His excellency Hon. Mwai Kibaki, C.G.H, M.p and the panel of eminent African Personalities |
||
| 260 | _coctober 2008 | ||
| 300 | _a556p | ||
| 942 |
_2ddc _cBK |
||
| 999 |
_c569 _d569 |
||